Country Unscramble from its Alphabetical Order Spelling - 5 Letters - Statistics

General Stats
  • This quiz has been taken 17 times
  • The average score is 22 of 24
Answer Stats
Unscrambled Name Real Name % Correct
ACHIN China
100%
AAGHN Ghana
100%
BEINN Benin
92%
CEHIL Chile
92%
EGPTY Egypt
92%
AHIIT Haiti
92%
ADIIN India
92%
AAJNP Japan
92%
AEKNY Kenya
92%
ABILY Libya
92%
AALMT Malta
92%
AELNP Nepal
92%
EIGNR Niger
92%
AAQRT Qatar
92%
AAMOS Samoa
92%
AINPS Spain
92%
AIRSY Syria
92%
AGNOT Tonga
92%
ABGNO Gabon
85%
AILTY Italy
85%
AALPU Palau
85%
ADNSU Sudan
85%
EEMNY Yemen
85%
ANRUU Nauru
77%
No matching quizzes found
Score Distribution
Percent of People with Each Score
Percentile by Number Answered
Your Score History
You have not taken this quiz